000 00768nam a22002537a 4500
001 BR7400315
003 BR-BrBNA
005 20230928084508.0
007 ta
008 230509b bl.||||| |||| 00| 0 por d
040 _aBR-BrBNA
_bpor
_cBiblioteca Nacional de Agricultura
041 _a(Por)
072 _aD10
_b2120
_b/G514
090 _ 2120 BR7400315
110 1 _aCongresso Nacional, Brasilia, DF (Brasil). Comissao Mista do Cafe
_92576
245 1 _aO Instituto Brasileiro do Cafe e sua acao [administracao, Coffea arabica]
_bAnexo 9
260 3 _aBrasilia, DF (Brasil):
_c[nd].
300 _a23 p.
500 _aNumerical data; Published after 1970
650 _aADMINISTRACAO
650 _aCAFE
909 _a202309
_bLucia
_c55
_dLucia Elande
942 _cBK
999 _c19349
_d19349